La actinidia: Kiwi
Salvato in:
| Autori principali: | , |
|---|---|
| Natura: | Libro |
| Lingua: | spagnolo |
| Pubblicazione: |
Madrid
Ediciones Mundi-Prensa
1982
|
| Edizione: | 1a. ed |
| Soggetti: | |
| Tags: |
Aggiungi Tag
Nessun Tag, puoi essere il primo ad aggiungerne!!
|
MARC
| LEADER | 00000cam a2200000 a 4500 | ||
|---|---|---|---|
| 001 | UCE8539 | ||
| 003 | CL-VaPUC | ||
| 008 | 150813e19820000sp |||||||||||||||||spa|d | ||
| 020 | |a 8471141167 | ||
| 082 | 0 | 4 | |a 634.725 |b ZUC |2 21 |
| 100 | 0 | |a Zuccherelli, Gilberto |e author |9 581250 | |
| 700 | 0 | |a Zuccherelli, Giuseppe |e author |9 581251 | |
| 245 | 1 | 3 | |a La actinidia: Kiwi |
| 250 | |a 1a. ed | ||
| 300 | |a 224 p | ||
| 942 | |c BK | ||
| 945 | |d 20150813 15:56:00 |a dcastane | ||
| 260 | |a Madrid |b Ediciones Mundi-Prensa |c 1982 | ||
| 650 | 0 | |a kiwi (Actinidia deliciosa) |9 259698 | |
| 650 | 7 | |a FRUTOS TROPICALES |2 CL-VaPUC |9 581252 | |
| 583 | |a last modification |c 20150813 15:56:00 |k Rodrigo Vera | ||
| 999 | |c 360367 |d 360365 | ||
| 952 | |0 0 |1 0 |3 erb |4 0 |6 634_725000000000000_ZUC_1982 |7 0 |8 A |9 470114 |a BIBAGR |b BIBAGR |i 5193990 |o 634.725 ZUC 1982 |p 5193990 |r 2025-01-20 |w 2019-11-23 |y BK |z Catalogado en:20150813 |k AGR | ||